[Event "Burgas op 17th"]
[Site "Ourense"]
[Date "2008.07.07"]
[Round "5"]
[White "Paredes Sanchez, Juan Antonio"]
[Black "Perez Dorado, Jorge"]
[Result "1-0"]
[WhiteElo "2231"]
[BlackElo "1985"]
[PlyCount "107"]
[EventDate "2008.07.03"]
[EventType "swiss"]
[EventRounds "9"]
[EventCountry "ESP"]
[SourceTitle "CBM 125 Extra"]
[Source "ChessBase"]
[SourceDate "2008.09.01"]
[SourceVersion "1"]
[SourceVersionDate "2008.09.01"]
[SourceQuality "1"]

1. e4 c5 2. Nf3 Nc6 3. Nc3 Nf6 4. Bb5 d6 5. e5 Ng4 6. Bxc6+ bxc6 7. Qe2 d5 8. d3 g6 9. 0-0 Bg7 10. Na4 Qa5 11. b3 c4 12. h3 Nh6 13. dxc4 dxc4 14. Qxc4 Qd5 15. Qc5 0-0 16. c4 Qxc5 17. Nxc5 Rd8 18. Ba3 Bf5 19. Rfe1 Bd7 20. Rad1 Be8 21. Ne4 f5 22. Neg5 Bf8 23. Ne6 Rxd1 24. Rxd1 Rc8 25. Bc5 a6 26. Rd8 Rxd8 27. Nxd8 Nf7 28. Nxf7 Bxf7 29. Kf1 h6 30. h4 Be8 31. e6 Kg7 32. Bd4+ Kh7 33. Ke2 Bg7 34. Kd3 Kg8 35. Be5 Kf8 36. Kd4 Bf6 37. Kc5 Kg7 38. Kb6 g5 39. hxg5 hxg5 40. Bc7 g4 41. Ne5 Bg5 42. Kxa6 Kf6 43. Kb6 Kxe6 44. a4 g3 45. fxg3 Be3+ 46. Kb7 Bd4 47. Nxc6 Bf2 48. a5 Kd7 49. Ne5+ Ke6 50. Nd3 Bd4 51. a6 Kd7 52. Be5 Bxe5 53. Nxe5+ Kd6 54. a7 1-0

[Event "ESP-ch Universities"]
[Site "Madrid"]
[Date "2008.05.09"]
[Round "5"]
[White "Paredes Sanchez, Juan Antonio"]
[Black "Criado Lopez, Alberto"]
[Result "0-1"]
[WhiteElo "2215"]
[BlackElo "2014"]
[PlyCount "70"]
[EventDate "2008.05.08"]
[EventType "swiss"]
[EventRounds "9"]
[EventCountry "ESP"]
[SourceTitle "CBM 124 Extra"]
[Source "ChessBase"]
[SourceDate "2008.07.03"]
[SourceVersion "1"]
[SourceVersionDate "2008.07.03"]
[SourceQuality "1"]

1. e4 e5 2. Nf3 Nf6 3. Nxe5 d6 4. Nc4 Nxe4 5. Nc3 Nxc3 6. dxc3 d5 7. Ne3 c6 8. f4 Bc5 9. Qf3 0-0 10. Bd2 Nd7 11. 0-0-0 Nf6 12. Bd3 Bxe3 13. Qxe3 Re8 14. Qd4 Ne4 15. c4 Bg4 16. Rde1 Nxd2 17. Rxe8+ Qxe8 18. Kxd2 dxc4 19. Qxc4 Rd8 20. Re1 Qd7 21. Kc1 Bf5 22. Re3 Bxd3 23. Rxd3 Qe7 24. Qe4 Qf8 25. Re3 Qd6 26. Rd3 Qf8 27. f5 Re8 28. Qd4 Qe7 29. b3 Qg5+ 30. Kb2 Qxf5 31. Qxa7 b5 32. Qd4 c5 33. Qd5 Qf6+ 34. c3 b4 35. Rf3 Re2+ 0-1

[Event "ESP-ch Universities"]
[Site "Madrid"]
[Date "2008.05.08"]
[Round "2"]
[White "Ortiz Fernandez, David"]
[Black "Paredes Sanchez, Juan Antonio"]
[Result "0-1"]
[WhiteElo "1905"]
[BlackElo "2215"]
[PlyCount "76"]
[EventDate "2008.05.08"]
[EventType "swiss"]
[EventRounds "9"]
[EventCountry "ESP"]
[SourceTitle "CBM 124 Extra"]
[Source "ChessBase"]
[SourceDate "2008.07.03"]
[SourceVersion "1"]
[SourceVersionDate "2008.07.03"]
[SourceQuality "1"]

1. e4 c5 2. Nf3 d6 3. c3 Nf6 4. Bb5+ Nbd7 5. Qe2 a6 6. Ba4 b5 7. Bc2 Ne5 8. d4 Nxf3+ 9. Qxf3 Bb7 10. Be3 cxd4 11. cxd4 Rc8 12. Nc3 g6 13. 0-0 Bg7 14. Rac1 0-0 15. a3 Qd7 16. Rfd1 a5 17. d5 Ng4 18. Bd3 Ne5 19. Qe2 Nxd3 20. Qxd3 b4 21. axb4 axb4 22. Na2 Qa4 23. Rxc8 Rxc8 24. Nc1 Bxb2 25. Qb3 Qa3 26. Qxa3 bxa3 27. Nd3 Bf6 28. f4 Bg7 29. Bc1 Rc3 30. Nb4 Rb3 31. Na2 Rb1 32. Kf2 Bb2 33. Ke1 Bxc1 34. Nxc1 e6 35. dxe6 fxe6 36. Na2 Rxd1+ 37. Kxd1 Bxe4 38. g3 Bd5 0-1

[Event "ESP-ch Student"]
[Site "Cartagena"]
[Date "2007.05.09"]
[Round "7"]
[White "Prol Nogueira, Iago"]
[Black "Paredes Sanchez, Juan Antonio"]
[Result "1-0"]
[WhiteElo "2183"]
[BlackElo "2215"]
[PlyCount "45"]
[EventDate "2007.05.06"]
[EventType "swiss"]
[EventRounds "9"]
[EventCountry "ESP"]
[SourceTitle "CBM 118 Extra"]
[Source "ChessBase"]
[SourceDate "2007.07.04"]
[SourceVersion "1"]
[SourceVersionDate "2007.07.04"]
[SourceQuality "1"]

1. e4 c5 2. Nc3 a6 3. a4 Nc6 4. f4 g6 5. Nf3 Bg7 6. Bc4 e6 7. 0-0 Nge7 8. d3 0-0 9. Qe1 d5 10. Bb3 Rb8 11. f5 c4 12. dxc4 dxe4 13. f6 Bxf6 14. Nxe4 Bg7 15. Bg5 f6 16. Bd2 Kh8 17. Rd1 Qc7 18. Bc3 e5 19. c5 Nf5 20. Nh4 Nfd4 21. Nxg6+ hxg6 22. Qh4+ Bh6 23. Qxh6+ 1-0

[Event "ESP-ch Student"]
[Site "Cartagena"]
[Date "2007.05.08"]
[Round "4"]
[White "Paredes Sanchez, Juan Antonio"]
[Black "Jimenez Lopez, Antonio"]
[Result "1-0"]
[WhiteElo "2215"]
[BlackElo "2131"]
[PlyCount "71"]
[EventDate "2007.05.06"]
[EventType "swiss"]
[EventRounds "9"]
[EventCountry "ESP"]
[SourceTitle "CBM 118 Extra"]
[Source "ChessBase"]
[SourceDate "2007.07.04"]
[SourceVersion "1"]
[SourceVersionDate "2007.07.04"]
[SourceQuality "1"]

1. e4 c5 2. Nf3 e6 3. d4 cxd4 4. Nxd4 Nf6 5. Nc3 Nc6 6. Be2 Bb4 7. 0-0 0-0 8. Nxc6 bxc6 9. e5 Nd5 10. Ne4 f5 11. Nd6 Qb6 12. c4 Bxd6 13. exd6 Nf6 14. b3 c5 15. Be3 a5 16. Bf3 Rb8 17. Qd2 Ba6 18. Rab1 Rfc8 19. Qc3 Qb4 20. Qe5 Bxc4 21. Rfd1 a4 22. Qg3 Kf7 23. Bg5 Nd5 24. Qh4 h6 25. Bxh6 Rh8 26. Bxd5 Rxh6 27. Qe7+ Kg8 28. Bxc4 Qb7 29. Rd3 Qe4 30. Rf1 f4 31. Qxd7 Rf8 32. Qe7 f3 33. Qxf8+ Kxf8 34. d7 Qe5 35. d8Q+ Kf7 36. Rxf3+ 1-0

[Event "ESP-ch Universities"]
[Site "Madrid"]
[Date "2006.05.08"]
[Round "7"]
[White "Alcazar Jimenez, Jesus Alberto"]
[Black "Paredes Sanchez, Juan Antonio"]
[Result "0-1"]
[WhiteElo "2316"]
[BlackElo "2188"]
[PlyCount "83"]
[EventDate "2006.05.06"]
[EventType "team"]
[EventRounds "8"]
[EventCountry "ESP"]
[SourceTitle "CBM 112 Extra"]
[Source "ChessBase"]
[SourceDate "2006.07.14"]
[SourceVersion "1"]
[SourceVersionDate "2006.07.14"]
[SourceQuality "1"]

1. e4 c5 2. Nf3 d6 3. d4 cxd4 4. Nxd4 Nf6 5. Nc3 a6 6. Bg5 e6 7. f4 Qc7 8. Qf3 b5 9. 0-0-0 b4 10. e5 Bb7 11. Qe3 dxe5 12. fxe5 Nfd7 13. Na4 Nc6 14. Bb5 Rc8 15. Bc4 Qxe5 16. Qxe5 Ncxe5 17. Bb3 Be7 18. Bxe7 Kxe7 19. Rhe1 Rhd8 20. Nb6 Nxb6 21. Rxe5 Bd5 22. Rde1 Kf8 23. g4 a5 24. Bxd5 Rxd5 25. Rxd5 Nxd5 26. Nf3 Ke7 27. Re4 Nf6 28. Re5 Nd5 29. Re4 Rc5 30. h3 Nb6 31. Ne5 f6 32. Nd3 Rc4 33. Rxc4 Nxc4 34. b3 Ne5 35. Nf4 Nc6 36. Kd2 e5 37. Nd5+ Kd6 38. Ne3 g6 39. Nc4+ Kd5 40. c3 f5 41. a4 bxa3 42. Nxa3 0-1

[Event "ESP-ch Universities"]
[Site "Madrid"]
[Date "2006.05.07"]
[Round "5"]
[White "Alcazar Jimenez, Victor Manuel"]
[Black "Paredes Sanchez, Juan Antonio"]
[Result "1-0"]
[WhiteElo "2423"]
[BlackElo "2188"]
[PlyCount "89"]
[EventDate "2006.05.06"]
[EventType "team"]
[EventRounds "8"]
[EventCountry "ESP"]
[SourceTitle "CBM 112 Extra"]
[Source "ChessBase"]
[SourceDate "2006.07.14"]
[SourceVersion "1"]
[SourceVersionDate "2006.07.14"]
[SourceQuality "1"]

1. e4 c5 2. Nf3 d6 3. d4 cxd4 4. Nxd4 Nf6 5. Nc3 a6 6. Be3 e5 7. Nb3 Be6 8. f4 exf4 9. Bxf4 Nc6 10. Qe2 Be7 11. h3 0-0 12. 0-0-0 Qb8 13. g4 Ne5 14. g5 Nfd7 15. Nd4 Rc8 16. Nf5 Bxf5 17. Nd5 Bxe4 18. Nxe7+ Kf8 19. Qxe4 Kxe7 20. Qxh7 g6 21. Bxe5 Nxe5 22. Qg7 Qc7 23. Rh2 Qc5 24. Qf6+ Kf8 25. Kb1 Kg8 26. Rxd6 Nf3 27. Rd7 Ne5 28. Rd1 Rc6 29. Qf4 Rac8 30. Rhd2 Kg7 31. c3 Rb6 32. Ka1 Nc6 33. Bc4 Qf5 34. Qe3 Ne5 35. Qxb6 Nxc4 36. Qd4+ Kg8 37. Re2 Qxg5 38. Rde1 Qb5 39. b3 Na3 40. Qd6 Qa5 41. Re8+ Kh7 42. Rxc8 Nc2+ 43. Kb2 Nxe1 44. Qf6 Nd3+ 45. Kb1 1-0